<?xml version="1.0" encoding="UTF-8"?>
<record
    xmlns:xsi="http://www.w3.org/2001/XMLSchema-instance"
    xsi:schemaLocation="http://www.loc.gov/MARC21/slim http://www.loc.gov/standards/marcxml/schema/MARC21slim.xsd"
    xmlns="http://www.loc.gov/MARC21/slim">

  <leader>01335    a2200181   4500</leader>
  <controlfield tag="003">NUST</controlfield>
  <controlfield tag="005">20221118151040.0</controlfield>
  <datafield tag="020" ind1=" " ind2=" ">
    <subfield code="a">9788120340534</subfield>
  </datafield>
  <datafield tag="040" ind1=" " ind2=" ">
    <subfield code="c">Nust</subfield>
  </datafield>
  <datafield tag="082" ind1=" " ind2=" ">
    <subfield code="a">515.2433,SOM</subfield>
  </datafield>
  <datafield tag="100" ind1=" " ind2=" ">
    <subfield code="a">Soman, K.P.</subfield>
    <subfield code="9">101111</subfield>
  </datafield>
  <datafield tag="245" ind1=" " ind2=" ">
    <subfield code="a">Insight into wavelets :</subfield>
    <subfield code="b">from theory to practice /</subfield>
    <subfield code="c">K.P.Soman , K.I Ramachandran &amp; N.G. Resmi</subfield>
  </datafield>
  <datafield tag="250" ind1=" " ind2=" ">
    <subfield code="a">3rd ed.</subfield>
  </datafield>
  <datafield tag="260" ind1=" " ind2=" ">
    <subfield code="a">PHI Learning Privet Limited</subfield>
    <subfield code="b">New Delhi</subfield>
    <subfield code="c">2010</subfield>
  </datafield>
  <datafield tag="300" ind1=" " ind2=" ">
    <subfield code="a">xviii, 447 p</subfield>
    <subfield code="b">ilus</subfield>
    <subfield code="c">inculd CD</subfield>
  </datafield>
  <datafield tag="505" ind1=" " ind2=" ">
    <subfield code="a">The Age of Wavelets (Page-10, Fourier Series and Geometry (Page-16), Continuous Wavelet and Short time Fourier Transform (Page-33), Discrete Wavelet Transform (Page-50),  Designing Orthogonal Wavelet Systems- A Direct Approach (Page-75), Discrete Wavelet Transform and Relation to Filter Banks (Page-940, Computing and Plotting Scaling and Wavelet Functions (Page-111), Biorthogonal (Page-127), Designing Wavelets-Frequency Domain Approach (Page-143), Groebner Basic for Wavelet Design (Page-184), Wavelet Packet Analysis (Page-193), M-Band Wavelets (Page-203), Introduction to Multi wavelets (Page-229), Lifting Scheme (Page-2780, Image Compression (Page-3240, Denoising (Page-349), Beyond Wavelets: The Ridgelets and Curvelets (Page-366), Spline Wavelets : Introduction and Application to Computer Graphics (Page-392).</subfield>
  </datafield>
  <datafield tag="942" ind1=" " ind2=" ">
    <subfield code="2">ddc</subfield>
    <subfield code="c">BK</subfield>
    <subfield code="k">515.2433,SOM</subfield>
  </datafield>
  <datafield tag="999" ind1=" " ind2=" ">
    <subfield code="c">189007</subfield>
    <subfield code="d">189007</subfield>
  </datafield>
  <datafield tag="952" ind1=" " ind2=" ">
    <subfield code="0">0</subfield>
    <subfield code="1">0</subfield>
    <subfield code="2">ddc</subfield>
    <subfield code="4">0</subfield>
    <subfield code="7">0</subfield>
    <subfield code="a">MCS</subfield>
    <subfield code="b">MCS</subfield>
    <subfield code="c">GEN</subfield>
    <subfield code="d">2016-12-12</subfield>
    <subfield code="o">515.2433,SOM</subfield>
    <subfield code="p">MCS34779</subfield>
    <subfield code="r">2016-12-08</subfield>
    <subfield code="w">2016-12-12</subfield>
    <subfield code="y">BK</subfield>
    <subfield code="z">Almirah No.13, Shelf No.3</subfield>
  </datafield>
</record>
